50 World Cities by Famous Streets and Roads - Statistics

General Stats
  • This quiz has been taken 30 times
  • The average score is 38 of 50
Answer Stats
Picture Hint Answer % Correct
Hollywood Boulevard Los Angeles
100%
Wall Street New York
100%
Champs-Élysées Paris
100%
Chang'an Avenue Beijing
96%
Downing Street London
96%
Shibuya Crossing Tokyo
96%
Pennsylvania Avenue Washington D.C.
96%
Strøget Copenhagen
93%
Gran Vía Madrid
93%
Avenida Atlântica Rio de Janeiro
93%
Via del Corso Rome
93%
Nanjing Road Shanghai
93%
Passeig de Gràcia Barcelona
89%
Unter den Linden Berlin
89%
Avenida 9 de Julio Buenos Aires
89%
The Strip Las Vegas
89%
Ocean Drive Miami
89%
Arbat Street Moscow
89%
Sejongno Seoul
89%
Nathan Road Hong Kong
85%
Bourbon Street New Orleans
85%
Nevsky Prospect Saint Petersburg
85%
Lombard Street San Francisco
85%
İstiklal Avenue Istanbul
81%
Paseo de la Reforma Mexico City
81%
Ringstraße Vienna
81%
Sheikh Zayed Road Dubai
78%
Malecón (Avenida de Maceo) Havana
78%
Via Montenapoleone Milan
78%
Spaccanapoli Naples
78%
Celetná Prague
78%
Royal Mile Edinburgh
74%
Sannen-zaka Kyoto
74%
Khaosan Road Bangkok
70%
Magnificent Mile Chicago
70%
Acorn Street Boston
67%
Al-Mu'izz Cairo
67%
Jungfernstieg Hamburg
67%
Via Dolorosa Jerusalem
63%
Yonge Street Toronto
63%
Rue de la Loi / Wetstraat Brussels
59%
Paseo Bandera Santiago
59%
Orchard Road Singapore
59%
Al-Mutanabbi Street Baghdad
44%
The Shambles York
41%
Monumental Axis Brasília
37%
Marine Drive Mumbai
37%
Promenade de la Croisette Cannes
33%
Stradun Dubrovnik
30%
Hatun Rumiyoc Cusco
26%
No matching quizzes found
Score Distribution
Percent of People with Each Score
Percentile by Number Answered
Your Score History
You have not taken this quiz